[Event "Dhaka SGS op"]
[Site "Dhaka"]
[Date "2017.06.10"]
[Round "8"]
[White "Md Zakaria"]
[Black "Rashedul, Basher"]
[Result "1-0"]
[WhiteElo "1946"]
[BlackElo "1773"]
[PlyCount "89"]
[EventDate "2017.06.03"]
[EventType "swiss"]
[EventRounds "9"]
[EventCountry "BAN"]
[SourceTitle "EXT 2024"]
[Source "ChessBase"]
[SourceDate "2023.10.10"]
[SourceVersion "1"]
[SourceVersionDate "2023.10.10"]
[SourceQuality "1"]

1. e4 e5 2. Nf3 Nc6 3. d4 exd4 4. Nxd4 Bc5 5. Be3 Bb6 6. Bc4 d6 7. c3 Nf6 8. Nxc6 bxc6 9. e5 Bxe3 10. exf6 Bh6 11. fxg7 Bxg7 12. 0-0 0-0 13. Qf3 d5 14. Bd3 Qg5 15. Qg3 Qxg3 16. fxg3 Be6 17. Nd2 c5 18. Nf3 h6 19. Nh4 c4 20. Bf5 d4 21. Rac1 Bd5 22. Bg4 Rab8 23. Nf5 Rfe8 24. cxd4 Rxb2 25. Rf2 Rxf2 26. Kxf2 Bf8 27. Be2 Be4 28. Ne3 c5 29. d5 Bg7 30. Bxc4 Bd4 31. Re1 Rd8 32. Ke2 Kg7 33. g4 Re8 34. Kd2 Rb8 35. Nf5+ Bxf5 36. gxf5 Rb2+ 37. Kd3 Rxg2 38. d6 Rxh2 39. Re7 Rh3+ 40. Ke4 Kf8 41. Rxf7+ Ke8 42. d7+ Kd8 43. Be6 Kc7 44. Rf8 Re3+ 45. Kf4 1-0